[Event "ROM-ch U10"]
[Site "Baile Felix"]
[Date "2017.02.03"]
[Round "2"]
[White "David, Andrei"]
[Black "Constantinescu, Andrei"]
[Result "1-0"]
[WhiteElo "1110"]
[BlackElo "1001"]
[PlyCount "23"]
[EventDate "2017.02.02"]
[EventType "swiss"]
[EventRounds "9"]
[EventCountry "ROU"]
[SourceTitle "CBM 176 Extra"]
[Source "ChessBase"]
[SourceDate "2017.03.02"]
[SourceVersion "1"]
[SourceVersionDate "2017.03.02"]
[SourceQuality "1"]

1. d4 d5 2. c4 e6 3. Nf3 c5 4. Nc3 Nf6 5. Bg5 Be7 6. dxc5 Bxc5 7. cxd5 exd5 8. Nxd5 Qxd5 9. Qxd5 Nxd5 10. Rd1 Be6 11. e4 Nc7 12. Rd8# 1-0